Az Európai Unió és az Európai Tanács kapcsolata
Elmentve itt :
| Szerző: | |
|---|---|
| További közreműködők: | |
| Dokumentumtípus: | Szakdolgozat |
| Megjelent: |
2001
|
| Tárgyszavak: | |
| Online Access: | http://diploma.bibl.u-szeged.hu/26388 |
| LEADER | 00563nta a2200157 i 4500 | ||
|---|---|---|---|
| 001 | dipl26388 | ||
| 005 | 20130314084111.0 | ||
| 008 | 110921s2001 hu om 0|| zxx d | ||
| 040 | |a SZTE Diploma Repozitórium |b hun | ||
| 041 | |a zxx | ||
| 100 | 1 | |a Baneth András | |
| 245 | 1 | 3 | |a Az Európai Unió és az Európai Tanács kapcsolata |h [elektronikus dokumentum] / |c András Baneth |
| 260 | |c 2001 | ||
| 650 | 4 | |a Jogi és igazgatási tanulmányok | |
| 700 | 1 | |a Bodnár László |e ths | |
| 856 | 4 | 0 | |u http://diploma.bibl.u-szeged.hu/id/eprint/26388/1/2001_baneth_andras.pdf |z Dokumentum-elérés |